Constitution de la Republique Italienne: Reglements de la Chambre des Deputes et du Senat de la Republique. (Registro nro. 19956)

MARC details
000 -CABECERA
campo de control de longitud fija 00624nam a2200193Ia 4500
008 - DATOS DE LONGITUD FIJA--INFORMACIÓN GENERAL
campo de control de longitud fija 260312s9999 xx 000 0 und d
082 ## - NÚMERO DE LA CLASIFICACIÓN DECIMAL DEWEY
Número de clasificación 342.45 C758r 1982 HNA
100 ## - ENTRADA PRINCIPAL--NOMBRE DE PERSONA
Nombre de persona Italia. Camera dei deputati
9 (RLIN) 35130
245 #0 - MENCIÓN DE TÍTULO
Título Constitution de la Republique Italienne: Reglements de la Chambre des Deputes et du Senat de la Republique.
260 ## - PUBLICACIÓN, DISTRIBUCIÓN, ETC. (PIE DE IMPRENTA)
Nombre del editor, distribuidor, etc. Chambre des Députés
260 ## - PUBLICACIÓN, DISTRIBUCIÓN, ETC. (PIE DE IMPRENTA)
Lugar de publicación. Rome, Italia
260 ## - PUBLICACIÓN, DISTRIBUCIÓN, ETC. (PIE DE IMPRENTA)
Fecha de publicación, distribución, etc. 1982
300 ## - DESCRIPCIÓN FÍSICA
Extensión 203p.
500 ## - NOTA GENERAL
Nota general Colección Humberto Nogueira Alcalá
650 ## - PUNTO DE ACCESO ADICIONAL DE MATERIA--TÉRMINO DE MATERIA
Término de materia o nombre geográfico como elemento inicial Constitución
9 (RLIN) 2299
650 ## - PUNTO DE ACCESO ADICIONAL DE MATERIA--TÉRMINO DE MATERIA
Término de materia o nombre geográfico como elemento inicial Derecho constitucional
9 (RLIN) 1698
650 ## - PUNTO DE ACCESO ADICIONAL DE MATERIA--TÉRMINO DE MATERIA
Término de materia o nombre geográfico como elemento inicial Italia
9 (RLIN) 1957
942 ## - ELEMENTOS DE PUNTO DE ACCESO ADICIONAL (KOHA)
Fuente del sistema de clasificación o colocación
Tipo de ítem Koha Libro
Existencias
Estado de retiro Estado de pérdida Fuente del sistema de clasificación o colocación Estado dañado No para préstamo Código de colección Localización permanente Ubicación/localización actual Fecha de adquisición Fuente de adquisición Total de préstamos Signatura topográfica completa Código de barras Fecha visto por última vez Número de copia Precio válido a partir de Tipo de ítem Koha
          Colección General Biblioteca Central Biblioteca Central 30/08/2025 Donación Humberto Nogueira   342.45 C758r 1982 HNA 27336 08/04/2026 1 08/04/2026 Libro
Derechos Reservados © 2011 Universidad Miguel de Cervantes. Mac Iver 370. Santiago Centro, C.P. 8320170. Chile. / Teléfono: +56 (2) 2 927 34 00